| 000 | 00991nam a2200241 a 4500 | ||
|---|---|---|---|
| 001 | 39218 | ||
| 003 | BD-RjUL | ||
| 005 | 20211209052938.0 | ||
| 008 | 160405s2008 bg ||||e |||| 00| 0 ben d | ||
| 020 |
_a9847000000729 _c: Tk.400.00 |
||
| 035 | _a(BD-RjUL)39330 | ||
| 040 |
_aBD-RjUL _bben _cBD-RjUL |
||
| 041 | _aben | ||
| 082 |
_223 _a891.441 _bSIS 2008 |
||
| 100 |
_a সিদ্দিক, আবুবকর _9120943 |
||
| 245 | 1 | 0 |
_aসাতরাজার ধন : _bরচনাসংগ্রহ- ১ / _cআবুবকর সিদ্দিক |
| 260 |
_aঢাকা : _bজাতীয় সাহিত্য প্রকাশ ; _c২০০৮ |
||
| 300 |
_a[২১] ৩৮৮ পৃ. : _bচিত্র ; _c২১ সেমি. |
||
| 504 | _aসহায়ক গ্রন্থপঞ্জি ও তথ্যনির্দশিকা সংযুক্ত | ||
| 650 |
_aবাংলাকবিতা _9120944 |
||
| 650 |
_aBengli poetry _9120945 |
||
| 942 |
_2ddc _cBK |
||
| 999 |
_c39218 _d39218 |
||